书目信息 |
| 题名: |
赵无极中国讲学笔录
|
|
| 作者: | 赵无极 著 ;孙建平 编集 | |
| 分册: | ||
| 出版信息: | 南宁 广西美术出版社 2000 |
|
| 页数: | 128页 | |
| 开本: | 29cm | |
| 丛书名: | ||
| 单 册: | ||
| 中图分类: | J04 | |
| 科图分类: | ||
| 主题词: | 油画 , 美术批评 , 艺术--创作方法 | |
| 电子资源: | ||
| ISBN: | 7-80625-767-5 | |
| 000 | 00975nam0 2200289 450 | |
| 001 | 1251670867 | |
| 005 | 20121019142149.61 | |
| 010 | @a7-80625-767-5@dCNY68 | |
| 100 | @a20000719d2000 em y0chiy0110 ea | |
| 101 | 0 | @achi |
| 102 | @aCN@b450000 | |
| 105 | @aa z 000yd | |
| 200 | 1 | @a赵无极中国讲学笔录@Azhao wu ji zhong guo jiang xue bi lu@f[(法)赵无极著]@g孙建平编集 |
| 210 | @a南宁@c广西美术出版社@d2000 | |
| 215 | @a128页@d29cm | |
| 330 | @a本书是作者一九八五年五月在其母校浙江美术学院讲学时的笔录,其中包括作者与美术学院师生的交流以及作者对美院师生作品的美术批评。 | |
| 510 | 1 | @aThe lecture notes of Zao Wou-Ki in China@zeng |
| 600 | 0 | @a赵无极@f(1921~)@x油画@x美术批评 |
| 600 | 0 | @2CT@3S909286@a赵无极@f(1921~) |
| 606 | 0 | @a油画 |
| 606 | 0 | @a美术批评 |
| 606 | 0 | @a艺术@x创作方法 |
| 690 | @aJ04@v4 | |
| 701 | 0 | @a赵无极@Azhao wu ji@f(1921~)@4著 |
| 702 | 0 | @a孙建平@Asun jian ping@4编集 |
| 801 | 0 | @aCN@bNLC@c20101222 |
| 905 | @a10447@dJ04@eJY15 | |
| 赵无极中国讲学笔录/[(法)赵无极著]/孙建平编集.-南宁:广西美术出版社,2000 |
| 128页;29cm |
| ISBN 7-80625-767-5:CNY68 |
| 本书是作者一九八五年五月在其母校浙江美术学院讲学时的笔录,其中包括作者与美术学院师生的交流以及作者对美院师生作品的美术批评。 |
| ● |
| 相关链接 |
|
|
|
|
正题名:赵无极中国讲学笔录
索取号:J04/JY15
 
预约/预借
| 序号 | 登录号 | 条形码 | 馆藏地/架位号 | 状态 | 备注 |
| 1 | 7833768 | 278337685 | 学院路分馆/ [索取号:J04/JY15] | 在馆 | |
| 2 | 7833769 | 278337694 | 学院路分馆/ [索取号:J04/JY15] | 在馆 |